00392nam a2200109Ia 4500008004100000100002100041245008500062260002500147300002000172650001200192856007800204160712s9999 xx 000 0 und d aPetralba, Waldo. cWaldo PetralbaaEric Gamaldina's EMPIRE OF MEMORY as Historiographic Metafiction c2011bDiliman Review avol. 58 no. 1-4 xFICTION uhttp://journals.upd.edu.ph/index.php/dilimanreview/issue/view/513/showToc